000 00409nam a2200157 i 4500
001 40369
003 ES-MaACL
005 20230906160214.0
007 t|
008 030306s1904 sp ||||1| cat d
100 1 _aCarner, Josep.
_935366
245 1 0 _aLlibre dels poetas /
_cJosep Carner.
260 _a[Barcelona :
_bs.n.,
_c1904] (
_fFidel GirĂ³)
300 _a177 p. ;
_c15 cm.
852 _aES-MaACL
_jD-372
999 _c40369
_d40369